載入...

Digital library 2v., v.2 /

書目詳細資料
其他作者: Dwivedi, Suresh Chandra (Editor)
格式: Printed Book
語言:English
出版: New Delhi : Shree Publishers & Distributors, 2005.
LEADER 00813nam a2200157Ia 4500
008 150624b xxu||||| |||| 00| 0 eng d
020 |a 818865891X 
020 |a 818865891X 
245 |a Digital library 2v., v.2 /  |c edited by Suresh Chandra Dwivedi 
260 |a New Delhi :  |b Shree Publishers & Distributors,  |c 2005. 
300 |a 387 p. 
505 |a 1)1)Digital libraries system 2) Model of digital library 3)Digital library programming 4)Digital age cataloguing 5)Digital Information preservation 6)Digital archiving 7)Meta data methodology 8)Meta data and system standards 9)Networked access management  
700 |a Dwivedi, Suresh Chandra  |e editor. 
942 |c BK 
999 |c 57548  |d 57548 
952 |0 0  |1 0  |4 0  |6 025_040000000000000_DWI_D_2  |7 0  |9 57526  |a UL  |b UL  |c ST1  |d 2012-10-27  |l 3  |o 025.04 DWI/D.2  |p 82815  |r 2015-03-18  |s 2015-01-05  |y BK